Central Library OPAC University of Rajshahi

First rebels : (Record no. 41217)

MARC details
000 -LEADER
fixed length control field 00878nam a2200265 a 4500
001 - CONTROL NUMBER
control field 41217
003 - CONTROL NUMBER IDENTIFIER
rucl marc code BD-RjUL
005 - DATE AND TIME OF LATEST TRANSACTION
control field 20211209053341.0
008 - FIXED-LENGTH DATA ELEMENTS--GENERAL INFORMATION
fixed length control field 160517s1981 ii ||||| |||| 001 0 eng d
020 ## - INTERNATIONAL STANDARD BOOK NUMBER
Terms of availability : IRs. 65.00
035 ## - SYSTEM CONTROL NUMBER
System control number (BD-RjUL) 41333
040 ## - CATALOGING SOURCE
Original cataloging agency BD-RjUL
Language of cataloging eng
Transcribing agency BD-RjUL
041 ## - LANGUAGE CODE
Language code of text/sound track or separate title eng
082 ## - DEWEY DECIMAL CLASSIFICATION NUMBER
Edition number 23
Classification number 954.14035
Author mark and year DAF 1981
100 1# - MAIN ENTRY--PERSONAL NAME
Personal name Daly, F. C.
9 (RLIN) 126800
245 10 - TITLE STATEMENT
Title First rebels :
Remainder of title strictly confidential note on the growth of the revolutionary movement in Bengal /
Statement of responsibility, etc. F C Daly ; Sankar Ghose
260 ## - PUBLICATION, DISTRIBUTION, ETC. (IMPRINT)
Place of publication, distribution, etc. Calcutta :
Name of publisher, distributor, etc. Riddhi-India,
Date of publication, distribution, etc. 1981
300 ## - PHYSICAL DESCRIPTION
Pagination xxxii, 320 p. ;
Size 22 cm
500 ## - GENERAL NOTE
General note Includes index
650 ## - SUBJECT ADDED ENTRY--TOPICAL TERM
Topical term or geographic name as entry element Revolutionaries
Geographic subdivision India -- Bengal
9 (RLIN) 126801
Topical term or geographic name as entry element Nationalism
Chronological subdivision History
Geographic subdivision India -- Bengal
9 (RLIN) 126802
651 ## - SUBJECT ADDED ENTRY--GEOGRAPHIC NAME
Geographic name Bengal (India)
General subdivision Politics and government
9 (RLIN) 119128
700 ## - ADDED ENTRY--PERSONAL NAME
Personal name Ghose, Sankar
942 ## - ADDED ENTRY ELEMENTS (KOHA)
Source of classification or shelving scheme Dewey Decimal Classification
Koha item type Books
Holdings
Lost status Source of classification or shelving scheme Damaged status Not for loan Collection code Permanent Location Current Location Shelving location Date acquired Source of acquisition Cost, normal purchase price Total Checkouts Full call number Date last seen Copy number Koha item type
  Dewey Decimal Classification     Non-fiction Central Library, University of Rajshahi Central Library, University of Rajshahi     Angkur Prokashan, Dhaka 65.00   954.14035 DAF 1981 17/05/2016 C-2 Books
  Dewey Decimal Classification   Not For Loan Non-fiction Central Library, University of Rajshahi Central Library, University of Rajshahi Reading Room 30/01/1996 Angkur Prokashan, Dhaka 65.00   954.14035 DAF 1981 15/12/2016 C-1 Books